| 000 | 00613 a2200217 4500 | ||
|---|---|---|---|
| 003 | 0000 | ||
| 005 | 20251017090524.0 | ||
| 020 | _a9781032460956 | ||
| 040 | _erda | ||
| 050 | _aTJ 165 .M53 2025 | ||
| 100 |
_4Author _aMichaelides, Efstathios E. |
||
| 245 |
_aEnergy Storage _bDriving the Renewable Energy Transition/ _cEfstathios E. Michaelides |
||
| 264 |
_aMilton Park _bCRC Press _c2025 |
||
| 300 |
_axviii, 287p.: _bill. |
||
| 336 | _2rdacontent | ||
| 338 | _2rdacarrier | ||
| 500 | _aIndex and notes | ||
| 504 | _aIndex and notes | ||
| 650 | _2Energy storage Renewable energy | ||
| 942 |
_2lcc _cBK |
||
| 999 |
_c43868 _d43868 |
||